LEADER 00401nab a2200145 i 4500 001 000000271304 003 CaOOAMICUS 005 20190404120220.0 008 090706n xx uu u0 0und r 013 $a18457 040 $aSeMil$bita 245 10$a2009 : 2. 773 0 $t2009.$dBerlin ; New York : De Gruyter, copyr. 2009.$w()178581 996 $6245$a2009 : 2$9(OLS)http://semarc/title/264176 LEADER 00523nam a2200157 i 4500 001 000000011068 003 CaOOAMICUS 005 20180830125440.0 008 180830s1912 fr u000 u und u 040 $aSeMil$bita 245 10$aTome quatrième. 300 $a2 v. 773 0 $aVigouroux, Fulcran $tDictionnaire de la Bible.$dParis : Letouzey et Ané, 1912-1926.$w()11062 774 0 $tL-Mezuza.$gPartie$w()123311 774 0 $tMiamin-Pavot.$gPartie$w()123312 996 $6245$aTome quatrième$9(OLS)http://semarc/title/14442